01353nam a2200325Ia 4500001001200000003000800012006001900020007001500039008004100054020001800095020001500113040002100128035002100149050002500170100002400195245011900219246004100338260006300379300002300442490005200465504006400517533015200581650003200733650002000765655002900785710001700814830005300831856012600884999001701010ebr10255500CaPaEBRm u cr cn|||||||||010629s2001 si a sb 001 0 eng d z9789810242152 z9810242158 aCaPaEBRcCaPaEBR a(OCoLC)26134039114aQC311.5b.G76 2001eb1 aGross, Dieter H. E.10aMicrocanonical thermodynamicsh[electronic resource] :bphase transitions in "small" systems /cDieter H.E. Gross.30aPhase transitions in "small" systems aSingapore ;aRiver Edge, N.J. :bWorld Scientific,cc2001. axv, 269 p. :bill.1 aWorld Scientific lecture notes in physics ;v66 aIncludes bibliographical references (p. 249-263) and index. aElectronic reproduction.bPalo Alto, Calif. :cebrary,d2011.nAvailable via World Wide Web.nAccess may be limited to ebrary affiliated libraries. 0aStatistical thermodynamics. 0aThermodynamics. 7aElectronic books.2local2 aebrary, Inc. 0aWorld Scientific lecture notes in physics ;v66.40uhttp://site.ebrary.com/lib/rucke/Doc?id=10255500zAn electronic book accessible through the World Wide Web; click to view c14833d14833